Sudden Death: Città con la metropolitana - Statistics

Statistiche generali
  • Questo quiz è stato fatto 268 volte
    191 dall'ultimo reset
  • Il punteggio medio è 5 su 20
Answers on the Grid
Answers color-coded by a green-red scale on the quiz's grid according to % correct below.
Algeri
Berlino
Berna
Bordeaux
Bratislava
Budapest
Caracas
Chicago
Città del Capo
Dallas
Denver
Dortmund
Francoforte
Glasgow
L'Avana
Helsinki
Istanbul
Kolkata
Lagos
Londra
Madrid
Melbourne
Montevideo
Mosca
Nairobi
Oslo
Ottawa
Palermo
Parigi
Philadelphia
Riga
Roma
Seattle
Seoul
Johannesburg
Sochi
Tijuana
Tokyo
Utrecht
Varsavia
 
Statistiche sulle risposte
Risposta % Corretto
Berlino
90%
Parigi
48%
Londra
45%
Roma
45%
Tokyo
45%
Chicago
42%
Madrid
42%
Budapest
40%
Seoul
32%
Mosca
27%
Istanbul
16%
Algeri
14%
Oslo
14%
Varsavia
14%
Caracas
8%
Helsinki
7%
Glasgow
5%
Philadelphia
4%
Kolkata
0%
Lagos
0%
Nessun quiz corrispondente trovato
Distribuzione punteggi
Percentuale di utenti per punteggio
Percentile per numero di risposta
I tuoi punteggi nel tempo
Non hai fatto questo quiz dall'ultimo reset